Нелидовой Елене Николаевне

RUSMARC
00005597nac2a22003853x 450
001a236b2ed-7f68-42ca-9bab-c70e7a713091
00520240819230305.0
100##$a20240716l18791888k y0rusy50 ca
1010#$arus
102##$aRU
105##$ay z |||||
1222#$ad18791231
$ad18881231
2001#$aНелидовой Елене Николаевне
$j1879 - 1888
215##$a25 листов
$d32,3 х 24,2
251##$cДело
300##$aЗаголовок дела на папке: Письма и телеграммы Лорис-Меликова, М. Т. Нелидовой Елене Николаевне
300##$aВ деле имеются телеграммы
300##$aЛисты: 1-10, 20-25 - телеграммы; 5 (пять) чистых листов
300##$aНа папке дела: 1879 г. - 1888 г. и б.д.
300##$aЧасть текста машинописная и рукописная, часть - напечатана типографским способом
325##$aЗамикрофильмировано
330##$aВходит в раздел описи: Письма Лорис-Меликова к разным лицам
461#0$1001cda3d175-ae4a-411a-8dea-9cc20fb178f6
$12001
$aЛорис-Меликов Михаил Тариелович, граф, министр внутренних дел, главный начальник "верховной распорядительной комиссии по охранению государственного порядка и общественного спокойствия", генерал от кавалерии
$1251
$cФонд
$1852
$j569
462#0$1001163e060a-d7cc-404d-90ee-e28c9801971b
$12001
$aОпись дел фонда М. Т. Лорис-Меликова за 1858-1915 гг.
$vД. 140
$1251
$cОпись
$1852
$j1
5171#$aПисьма и телеграммы Лорис-Меликова, М. Т. Нелидовой Елене Николаевне
600#1$aЛорис-Меликов
$bМ. Т.
$gМихаил Тариелович
605##$3DITM\AF\0000002775
$aВласть
$lколлекция
$2acquisition_prlib
6101#$aПисьма
$aТелеграммы
686##$a63.3(2)535-332ю1
$cИстория
$2rubbk
686##$a67.400.6ю1
$cПраво
$2rubbk
700#1$aЛорис-Меликов
$bМ. Т.
$gМихаил Тариелович
702#1$aНелидова
$bЕ. Н.
$gЕлена Николаевна
$4660
801#0$aRU
$bGA_RF
801#1$aRU
$bГлавНИВЦ
$c20240716
$2rusmarc
801#2$aRU
$bПБ им. Б.Н. Ельцина
$c20240819
$gRCR
$2rusmarc
852##$aГА РФ
$j140
937##$d193627900
$hГАРФ
035##$aRuPRLIB51076572
856##$uhttp://readingroom.main.prlib.ru/item.aspx?id_node=n193627900&mode=full
Формат отображения